000 00627nam a22001817a 4500
005 20251108173458.0
008 250721s2005 xx 000 0 ara d
082 1 4 _a398.22/ربي
100 1 _aالربيعي، فاضل
245 1 0 _aقصة حب في أورشاليم غرام النبي سليمان بالألهة العربية سلمى /
264 1 _aدمشق :
_bدار الفرقد للطباعة و النشر و التوزيع،
_c2005.
300 _a279ص.
650 1 7 _aالقصص التاريخيه
650 1 7 _aعلم الاساطير
650 1 7 _aاسراايل
942 _2ddc
_cBK
999 _c104845
_d104845